书目信息 |
| 题名: |
愚人颂
|
|
| 作者: | 荷伊拉斯谟 ;刘曙光 | |
| 分册: | ||
| 出版信息: | 北京 北京图书馆出版设 2000 |
|
| 页数: | 255页 | |
| 开本: | 20cm | |
| 丛书名: | ||
| 单 册: | ||
| 中图分类: | B503.914 | |
| 科图分类: | ||
| 主题词: | 哲学--欧洲 | |
| 电子资源: | ||
| ISBN: | 7-5013-1688-0 | |
| 000 | 00680nam0 2200205 450 | |
| 001 | 0728815141 | |
| 005 | 20070819080015.14 | |
| 010 | @a7-5013-1688-0@d¥18.00 | |
| 100 | @a20070819d km y0chiy0120 ea | |
| 101 | 0 | @achi |
| 200 | 1 | @a愚人颂@Ayu ren song@e人类的灾难缘于聪明睿智@f〔荷〕伊拉斯谟@F〔he〕yi la si mo@g刘曙光@Gliu shu guang |
| 210 | @a北京@c北京图书馆出版设@d2000 | |
| 215 | @a255页@d20cm | |
| 517 | 1 | @a人类的灾难缘于聪明睿智@Aren lei de zai nan yuan yu cong ming rui zhi |
| 606 | 0 | @a哲学@x欧洲 |
| 690 | @aB503.914@v3 | |
| 701 | 0 | @a荷伊拉斯谟@Ahe yi la si mo |
| 702 | 0 | @a刘曙光@Aliu shu guang |
| 801 | 0 | @aCN@bPFT@c20070819 |
| 905 | @a213230@dB503.914@eZW308@f1 | |
| 愚人颂:人类的灾难缘于聪明睿智/〔荷〕伊拉斯谟/刘曙光.-北京:北京图书馆出版设,2000 |
| 255页;20cm |
| ISBN 7-5013-1688-0:¥18.00 |
| ● |
| 相关链接 |
|
|
|
|
正题名:愚人颂
索取号:B503.914/ZW308
 
预约/预借
| 序号 | 登录号 | 条形码 | 馆藏地/架位号 | 状态 | 备注 |
| 1 | 7600455 | 276004556 | 密集书库-文学院/ [索取号:B503.914/ZW308] | 在馆 |